| 000 | 00703nam a22002417a 4500 | ||
|---|---|---|---|
| 003 | UA-OsUOA | ||
| 001 | 95209 | ||
| 007 | ta | ||
| 008 | 20130226b un ||||| |||| 00| 0 ukr d | ||
| 100 | _aЗазерський Е. | ||
| 700 | _aЛюбарський А. | ||
| 090 |
_a821.161.1 _bЗ-16 |
||
| 942 | _cBK | ||
| 040 |
_aUA-OsUOA _brus _cUA-OsUOA _dUA-OsUOA |
||
| 245 |
_aС нами будут миллионы _bдокументальное повествование |
||
| 300 | _a318 с. | ||
| 955 | _a3 | ||
| 041 | _arus | ||
| 080 | _a821.161.1 | ||
| 260 |
_aМ. _bПолитиздат _c1980 |
||
| 650 | 7 |
_a82 Література. Літературознавство _2UDC |
|
| 999 |
_c381456 _d381456 |
||